It looks like you're offline.
Open Library logo
additional options menu

MARC record from Internet Archive

LEADER: 00848cam 2200241 a 4500
001 763832
005 20020509152000.0
008 860127s1986 ilua 001 0deng
010 $a 86060240
043 $an-us---
050 0 $aCS71.P24$b1986
082 0 $a929/.2/0973$219
090 $aCS71.P24$b1986
100 1 $aBrown, Katherine Jane Parker,$d1924-
245 10 $aParker pathways :$bsome ancestors and descendants of James Parker (ca. 1752-1835) and Anna Doty (1765-1830) /$cby Katherine Jane Parker Brown.
260 $aGenoa, Ill. (Route 2, Box 32, Genoa Rd., Genoa 60135) :$bK.J.P. Brown,$c1986.
300 $aiv, 636 p. :$bill. ;$c23 cm.
500 $aLimited edition of 200 copies.
500 $aIncludes index.
600 30 $aParker family.
600 10 $aParker, James,$dca. 1752-ca. 1835$xFamily.
600 30 $aDoty family.
962 $aABO-8221